16ο Πανελλήνιο συνέδριο Παιδί και Αθλητισμός : πρακτικά συνεδρίου που διεξήχθη στη Ρόδο στις 22-25 Απριλίου 2004
Αποθηκεύτηκε σε:
| Συλλογικό Έργο: | , |
|---|---|
| Μορφή: | Πρακτικό Συνεδρίου Βιβλίο |
| Γλώσσα: | Greek |
| Δημοσίευση: |
Αθήνα :
Ατραπός,
c2007.
|
| Θέματα: | |
| Ετικέτες: |
Προσθήκη ετικέτας
Δεν υπάρχουν, Καταχωρήστε ετικέτα πρώτοι!
|
MARC
| LEADER | 00000cam a2200000 a 4500 | ||
|---|---|---|---|
| 001 | 1/119966 | ||
| 008 | 190919s2007####gr | ||| |||| ||gre|| | ||
| 020 | |a 9789604590315 | ||
| 040 | |a GR-MyUa |b gre |c GR-MyUa |e AACR2 | ||
| 041 | 0 | |a gre | |
| 082 | 7 | |a 372.86044 |2 (23) | |
| 111 | 2 | |a Πανελλήνιο Συνέδριο Παιδί και αθλητισμός της Ελληνικής Εταιρείας Κοινωνικής Παιδιατρικής και Προαγωγή της Υγείας (ΕΕΚΠ&ΠΥ) |c Ρόδος). |d 22-25 Απριλίου 2004: |n 16ο. | |
| 245 | 1 | 0 | |a 16ο Πανελλήνιο συνέδριο Παιδί και Αθλητισμός : |b πρακτικά συνεδρίου που διεξήχθη στη Ρόδο στις 22-25 Απριλίου 2004 / |c Ελληνική Εταιρεία Κοινωνικής Παιδιατρικής και Προαγωγή της Υγείας (ΕΕΚΠ&ΠΥ). |
| 246 | 1 | |i [Άλλες παραλλαγές του τίτλου] : |a Πανελλήνιο συνέδριο για το παιδί και τον αθλητισμό | |
| 260 | |a Αθήνα : |b Ατραπός, |c c2007. | ||
| 300 | |a 341 σ. : |b εικ., πίν., σχήμ., φωτ. ; |c 24 εκ. | ||
| 504 | |a Περιλαμβάνει βιβλιογραφίες. | ||
| 650 | 0 | |a Sports for children. | |
| 710 | 2 | |a Ελληνική Εταιρεία Κοινωνικής Παιδιατρικής και Προαγωγή της Υγείας (ΕΕΚΠ&ΠΥ) | |
| 920 | |a Κόνσολας |b Εμμανουήλ |y Ρόδος |z 2019-09 | ||
| 970 | |a Μαρία |b Κωτάκου |z 19-09-2019 | ||